[Event "Mittelfranken Mitte-ch"]
[Site "Zirndorf"]
[Date "2016.01.04"]
[Round "5"]
[White "Muenzenberg, Dietrich"]
[Black "Kocak, Ediz"]
[Result "1-0"]
[WhiteElo "1627"]
[BlackElo "1567"]
[PlyCount "63"]
[EventDate "2016.01.03"]
[EventType "swiss"]
[EventRounds "7"]
[EventCountry "GER"]
[SourceTitle "EXT 2018"]
[Source "ChessBase"]
[SourceDate "2017.10.13"]
[SourceVersion "1"]
[SourceVersionDate "2017.10.13"]
[SourceQuality "1"]

1. d4 Nf6 2. Bg5 Ne4 3. Bf4 d5 4. f3 Nf6 5. e3 c5 6. Bb5+ Bd7 7. Nc3 Bxb5 8. Nxb5 Qa5+ 9. Nc3 Qb4 10. Nge2 Nc6 11. 0-0 e6 12. b3 Nh5 13. a3 Qa5 14. Bg5 h6 15. Bh4 g5 16. Be1 Qd8 17. Bf2 cxd4 18. Nxd4 Nxd4 19. exd4 Rc8 20. Ne2 Bd6 21. g3 Qc7 22. c3 Ng7 23. Qd3 h5 24. Rfc1 h4 25. Kg2 hxg3 26. hxg3 Nf5 27. c4 f6 28. cxd5 Qxc1 29. Rxc1 Rd8 30. dxe6 Ke7 31. Qxf5 Rh6 32. Rh1 1-0

[Event "Mittelfranken Mitte-ch"]
[Site "Zirndorf"]
[Date "2016.01.03"]
[Round "2"]
[White "Weissmann, Peter"]
[Black "Muenzenberg, Dietrich"]
[Result "1/2-1/2"]
[WhiteElo "1687"]
[BlackElo "1627"]
[PlyCount "92"]
[EventDate "2016.01.03"]
[EventType "swiss"]
[EventRounds "7"]
[EventCountry "GER"]
[SourceTitle "EXT 2018"]
[Source "ChessBase"]
[SourceDate "2017.10.13"]
[SourceVersion "1"]
[SourceVersionDate "2017.10.13"]
[SourceQuality "1"]

1. e4 c6 2. d4 d5 3. Nc3 dxe4 4. Nxe4 Nd7 5. Nf3 Ngf6 6. Bd3 Nxe4 7. Bxe4 Nf6 8. Bd3 Bg4 9. Be3 e6 10. h3 Bh5 11. g4 Bg6 12. Bxg6 hxg6 13. Qd3 Nxg4 14. 0-0-0 Nf6 15. Ne5 Qe7 16. c4 0-0-0 17. Qb3 Nd7 18. f4 Nxe5 19. fxe5 Qb4 20. Qc2 Kb8 21. Rd3 Be7 22. a3 Qa5 23. b4 Qc7 24. Rf1 Bh4 25. Bf4 Rh5 26. Rfd1 Rf5 27. Be3 Rf3 28. Bg1 Rxd3 29. Rxd3 f6 30. exf6 gxf6 31. Bh2 e5 32. dxe5 Rxd3 33. Qxd3 fxe5 34. Qxg6 Qe7 35. c5 Kc7 36. Kc2 Bf6 37. Qe4 Qd7 38. Bxe5+ Bxe5 39. Qxe5+ Kc8 40. Qh8+ Kc7 41. Qe5+ Kc8 42. Qe4 Qxh3 43. Qe8+ Kc7 44. Qe5+ Kc8 45. Qe8+ Kc7 46. Qe5+ Kc8 1/2-1/2

[Event "Mittelfranken-ch QT"]
[Site "Nuremberg"]
[Date "2015.04.02"]
[Round "5"]
[White "Muenzenberg, Dietrich"]
[Black "Sroka, Dieter"]
[Result "1/2-1/2"]
[WhiteElo "1729"]
[BlackElo "1752"]
[PlyCount "40"]
[EventDate "2015.04.01"]
[EventType "swiss"]
[EventRounds "7"]
[EventCountry "GER"]
[SourceTitle "CBM 166 Extra"]
[Source "ChessBase"]
[SourceDate "2015.06.18"]
[SourceVersion "1"]
[SourceVersionDate "2015.06.18"]
[SourceQuality "1"]

1. d4 d5 2. Bg5 g6 3. Nf3 Bg7 4. c3 Nf6 5. h3 Nbd7 6. Nbd2 0-0 7. e3 Re8 8. Bd3 e5 9. dxe5 Nxe5 10. Nxe5 Rxe5 11. Nf3 Re8 12. 0-0 h6 13. Bh4 a6 14. Rc1 c6 15. a4 Qb6 16. b4 Ne4 17. a5 Qc7 18. Bxe4 dxe4 19. Bg3 Qd7 20. Qxd7 Bxd7 1/2-1/2

[Event "Mittelfranken-ch QT"]
[Site "Nuremberg"]
[Date "2015.04.01"]
[Round "1"]
[White "Muenzenberg, Dietrich"]
[Black "Nam, Siwon"]
[Result "1-0"]
[WhiteElo "1729"]
[BlackElo "1250"]
[PlyCount "63"]
[EventDate "2015.04.01"]
[EventType "swiss"]
[EventRounds "7"]
[EventCountry "GER"]
[SourceTitle "CBM 166 Extra"]
[Source "ChessBase"]
[SourceDate "2015.06.18"]
[SourceVersion "1"]
[SourceVersionDate "2015.06.18"]
[SourceQuality "1"]

1. d4 d5 2. Bg5 Nc6 3. c3 f6 4. Bh4 Bf5 5. Nd2 e5 6. e3 exd4 7. exd4 Bd6 8. Be2 Nge7 9. Ngf3 0-0 10. 0-0 Ng6 11. Bg3 Qe7 12. Nh4 Nxh4 13. Bxh4 Rae8 14. Bf3 Be6 15. Qb3 Na5 16. Qb5 b6 17. Bxd5 Bxd5 18. Qxd5+ Qf7 19. Qxf7+ Rxf7 20. Rfe1 Rxe1+ 21. Rxe1 Bf4 22. Re2 Bxd2 23. Rxd2 Nc4 24. Re2 a5 25. b3 Na3 26. Bg3 h6 27. Re8+ Rf8 28. Rxf8+ Kxf8 29. Bxc7 Ke7 30. Bxb6 Kd6 31. Bc5+ Kd5 32. Bxa3 1-0

[Event "Mittelfranken Mitte-ch"]
[Site "Zirndorf"]
[Date "2015.01.03"]
[Round "2"]
[White "Muenzenberg, Dietrich"]
[Black "Mantel, Hans"]
[Result "1-0"]
[WhiteElo "1668"]
[BlackElo "1503"]
[PlyCount "56"]
[EventDate "2015.01.02"]
[EventType "swiss"]
[EventRounds "7"]
[EventCountry "GE2"]
[SourceTitle "EXT 2018"]
[Source "ChessBase"]
[SourceDate "2017.10.13"]
[SourceVersion "1"]
[SourceVersionDate "2017.10.13"]
[SourceQuality "1"]

1. d4 d5 2. Bg5 f6 3. Bh4 Bf5 4. f3 c6 5. a3 g5 6. Bf2 e6 7. Nd2 Nd7 8. e4 Bg6 9. Bd3 Bd6 10. Ne2 Ne7 11. c3 h6 12. Qc2 Qc7 13. g3 h5 14. h4 gxh4 15. Rxh4 0-0-0 16. 0-0-0 Rdg8 17. f4 e5 18. f5 Bf7 19. Kb1 Rg4 20. Rdh1 Rhg8 21. Qa4 exd4 22. Qxa7 dxc3 23. bxc3 Qb8 24. Qa5 Qc7 25. Qa7 Qb8 26. Qxb8+ Kxb8 27. Ka2 dxe4+ 28. Bc4 Bxc4+ 1-0

[Event "Mittelfranken Mitte-ch"]
[Site "Zirndorf"]
[Date "2015.01.02"]
[Round "1"]
[White "Strobel, Norbert"]
[Black "Muenzenberg, Dietrich"]
[Result "1-0"]
[WhiteElo "1948"]
[BlackElo "1668"]
[PlyCount "121"]
[EventDate "2015.01.02"]
[EventType "swiss"]
[EventRounds "7"]
[EventCountry "GE2"]
[SourceTitle "EXT 2018"]
[Source "ChessBase"]
[SourceDate "2017.10.13"]
[SourceVersion "1"]
[SourceVersionDate "2017.10.13"]
[SourceQuality "1"]

1. d4 f5 2. g3 d5 3. Bg2 e6 4. Nf3 Nf6 5. Bg5 Bb4+ 6. c3 Bd6 7. Nbd2 c5 8. 0-0 0-0 9. c4 Qe8 10. dxc5 Bxc5 11. Bxf6 Rxf6 12. Nb3 Bb6 13. cxd5 e5 14. Nfd2 Qb5 15. Rc1 Na6 16. e4 Nb4 17. Nc4 Nxa2 18. Na3 Qd7 19. Rc4 a5 20. Bh3 Qe8 21. exf5 Bxf5 22. Bxf5 Rxf5 23. Nc5 Qe7 24. d6 Qf7 25. d7 Rd8 26. Qd6 Bxc5 27. Rxc5 Qxd7 28. Qxd7 Rxd7 29. Rxa5 Nb4 30. Nc4 Nc6 31. Rc5 Re7 32. Kg2 g6 33. Nd6 Rf6 34. Ne4 Rfe6 35. g4 h6 36. h4 Kg7 37. g5 Nd4 38. Kg3 Ne2+ 39. Kg4 h5+ 40. Kf3 Nd4+ 41. Kg2 Rb6 42. Rb1 Ne2 43. b4 Nf4+ 44. Kg3 Nd3 45. Rc4 Rf7 46. Nf6 Rc6 47. Rxc6 bxc6 48. Rb3 Nf4 49. Kf3 Nd5 50. Ke4 Re7 51. Nxd5 cxd5+ 52. Kxd5 e4 53. b5 Kf7 54. b6 Rb7 55. Kc6 Rb8 56. b7 Ke6 57. Kc7 Rxb7+ 58. Kxb7 Kf5 59. Rg3 Kf4 60. Kc6 e3 61. Rxe3 1-0

[Event "Mittelfranken-ch qual"]
[Site "Wachendorf"]
[Date "2013.03.27"]
[Round "3.5"]
[White "Muenzenberg, Dietrich"]
[Black "Hummel, Hannes"]
[Result "1-0"]
[WhiteElo "1705"]
[BlackElo "764"]
[PlyCount "105"]
[EventDate "2013.03.27"]
[EventType "swiss"]
[EventRounds "7"]
[EventCountry "GER"]
[SourceTitle "EXT 2022"]
[Source "ChessBase"]
[SourceDate "2021.10.06"]
[SourceVersion "1"]
[SourceVersionDate "2021.10.06"]
[SourceQuality "1"]

1. d4 d5 2. Bg5 c5 3. e3 Nc6 4. Nf3 Bg4 5. Be2 Nf6 6. Bxf6 exf6 7. 0-0 Bd6 8. dxc5 Bxc5 9. c3 0-0 10. Nbd2 Re8 11. Qb3 Qb6 12. Qxb6 Bxb6 13. h3 Bh5 14. g4 Bg6 15. Nb3 Red8 16. Nfd4 Nxd4 17. Nxd4 Bxd4 18. cxd4 Rdc8 19. Rac1 Rc6 20. Rxc6 bxc6 21. Rc1 Rc8 22. Bb5 Be4 23. Rxc6 Rxc6 24. Bxc6 a5 25. a3 g6 26. b4 axb4 27. axb4 f5 28. b5 fxg4 29. hxg4 g5 30. Kh2 f5 31. gxf5 Bxf5 32. b6 h5 33. b7 h4 34. b8Q+ Kg7 35. Bxd5 g4 36. Qg8+ Kf6 37. e4 Be6 38. Qxe6+ Kg5 39. Qf5+ Kh6 40. Qxg4 Kh7 41. Qxh4+ Kg6 42. f4 Kg7 43. Qg5+ Kf8 44. e5 Ke8 45. f5 Kd7 46. f6 Kc7 47. f7 Kd7 48. f8Q Kc7 49. e6 Kb6 50. e7 Kb5 51. e8Q+ Kb6 52. Qc5+ Ka6 53. Qa8# 1-0

[Event "Mittelfranken Mitte-ch 1213"]
[Site "Zirndorf"]
[Date "2013.01.06"]
[Round "6"]
[White "Muenzenberg, Dietrich"]
[Black "Suess, Stefan"]
[Result "1-0"]
[WhiteElo "1617"]
[BlackElo "1813"]
[PlyCount "89"]
[EventDate "2013.01.03"]
[EventType "swiss"]
[EventRounds "7"]
[EventCountry "GER"]
[SourceTitle "EXT 2015"]
[Source "ChessBase"]
[SourceDate "2014.11.20"]
[SourceVersion "1"]
[SourceVersionDate "2014.11.20"]
[SourceQuality "1"]

1. d4 d5 2. Bg5 Nf6 3. Bxf6 exf6 4. g3 Bd6 5. Bg2 c6 6. e3 Qc7 7. Nd2 f5 8. Ne2 Nd7 9. 0-0 Nf6 10. c4 Be6 11. c5 Be7 12. Nf4 Bd7 13. b4 h5 14. Nf3 Ne4 15. Ne5 h4 16. f3 Nf6 17. g4 Be6 18. Bh3 fxg4 19. fxg4 Ne4 20. a4 Bf6 21. Nf3 Ng5 22. Nxg5 Bxg5 23. Qd3 0-0 24. Rf3 Qd7 25. Nxe6 Qxe6 26. Re1 Rae8 27. Kf2 g6 28. b5 Qe4 29. Qb1 Re7 30. a5 Rfe8 31. Qb3 cxb5 32. Re2 a6 33. Re1 Re6 34. Re2 Rf6 35. Rxf6 Bxf6 36. Qc2 Qe7 37. Bg2 Qd7 38. h3 Qc7 39. Ke1 Qxa5+ 40. Kd1 Qa1+ 41. Kd2 Qa5+ 42. Kd1 Qa3 43. Bxd5 Rxe3 44. Qxg6+ Bg7 45. Qxf7+ 1-0

[Event "Bayern-ch Seniors 24nd"]
[Site "Bergen"]
[Date "2012.06.24"]
[Round "9"]
[White "Muenzenberg, Dietrich"]
[Black "Perzl, Michael"]
[Result "0-1"]
[WhiteElo "1590"]
[BlackElo "1728"]
[PlyCount "80"]
[EventDate "2012.06.16"]
[EventType "swiss"]
[EventRounds "9"]
[EventCountry "GER"]
[SourceTitle "EXT 2015"]
[Source "ChessBase"]
[SourceDate "2014.11.20"]
[SourceVersion "1"]
[SourceVersionDate "2014.11.20"]
[SourceQuality "1"]

1. d4 d5 2. Bg5 g6 3. f4 Bg7 4. Nf3 Nf6 5. Nc3 0-0 6. e3 Nbd7 7. Bd3 c5 8. 0-0 Qc7 9. Rb1 e6 10. Nb5 Qb6 11. c4 a6 12. Nc3 cxd4 13. exd4 dxc4 14. Bxc4 Qc7 15. Bb3 b5 16. Ne5 Nb6 17. Rc1 Qa7 18. Kh1 b4 19. Bxf6 Bxf6 20. Ne4 Bg7 21. Nc5 Bb7 22. h4 Rad8 23. h5 Rd6 24. Nxb7 Qxb7 25. Nf3 Rfd8 26. hxg6 hxg6 27. Ng5 Bxd4 28. Qg4 Kg7 29. Rc2 Rh8+ 30. Nh3 Nd5 31. Bxd5 Rxd5 32. b3 Bc3 33. Re2 Qd7 34. Re3 Rd2 35. Kh2 Rxa2 36. Kg3 Qd5 37. Nf2 Qxb3 38. Rd3 Qc4 39. Rfd1 Bf6 40. Qf3 Bh4+ 0-1

[Event "Bayern-ch Seniors 24nd"]
[Site "Bergen"]
[Date "2012.06.23"]
[Round "8"]
[White "Malik, Rosemarie"]
[Black "Muenzenberg, Dietrich"]
[Result "0-1"]
[WhiteElo "1340"]
[BlackElo "1590"]
[PlyCount "130"]
[EventDate "2012.06.16"]
[EventType "swiss"]
[EventRounds "9"]
[EventCountry "GER"]
[SourceTitle "EXT 2015"]
[Source "ChessBase"]
[SourceDate "2014.11.20"]
[SourceVersion "1"]
[SourceVersionDate "2014.11.20"]
[SourceQuality "1"]

1. e4 c6 2. d4 d5 3. Nc3 dxe4 4. Nxe4 Nd7 5. Nf3 Ngf6 6. Bd3 Nxe4 7. Bxe4 Nf6 8. Bd3 Bg4 9. Be2 e6 10. c3 Bd6 11. Be3 Qc7 12. h3 Bh5 13. Nd2 Bg6 14. 0-0 Nd5 15. Nf3 0-0 16. Bd2 Nf4 17. Bxf4 Bxf4 18. Re1 Rad8 19. Qa4 a5 20. Qb3 b5 21. a4 Rb8 22. axb5 cxb5 23. Qd1 Rfd8 24. Bd3 Bxd3 25. Qxd3 a4 26. Qe4 Rd5 27. Rad1 g6 28. g4 Kg7 29. Qc2 Rc8 30. Kg2 Qa5 31. Qe4 Bb8 32. Qb1 Qa8 33. Kg1 h6 34. Ne5 Qa7 35. Rd3 Qe7 36. Rf3 Bxe5 37. Rxe5 Qb7 38. Rxd5 Qxd5 39. Re3 Qb3 40. Re1 b4 41. cxb4 Qxb4 42. Rd1 Rd8 43. Qa1 f6 44. Qa3 Rxd4 45. Qxb4 Rxb4 46. Rd7+ Kf8 47. Rd2 g5 48. Kf1 Rb3 49. Kg2 Ke7 50. Rc2 f5 51. gxf5 exf5 52. Re2+ Kf6 53. f3 h5 54. Rc2 h4 55. Rd2 Ke5 56. Re2+ Kd4 57. Rd2+ Ke3 58. Rc2 Rb5 59. Rf2 f4 60. Rc2 Kd3 61. Rf2 Rc5 62. Kg1 Rc1+ 63. Kg2 Rc2 64. Kf1 Rxf2+ 65. Kxf2 Kc2 0-1

[Event "Mittelfranken Mitte-ch 1112"]
[Site "Zirndorf"]
[Date "2012.01.06"]
[Round "3"]
[White "Muenzenberg, Dietrich"]
[Black "Nagel, Felix"]
[Result "1-0"]
[WhiteElo "1615"]
[BlackElo "1762"]
[PlyCount "47"]
[EventDate "2012.01.05"]
[EventType "swiss"]
[EventRounds "7"]
[EventCountry "GER"]
[SourceTitle "EXT 2015"]
[Source "ChessBase"]
[SourceDate "2014.11.20"]
[SourceVersion "1"]
[SourceVersionDate "2014.11.20"]
[SourceQuality "1"]

1. d4 d5 2. Bg5 f6 3. Bh4 Bf5 4. f3 e6 5. Nd2 c5 6. Bf2 cxd4 7. Bxd4 e5 8. Bf2 Nc6 9. c3 Rb8 10. e4 Be6 11. Bb5 a6 12. Ba4 b5 13. Bb3 Nge7 14. Ne2 g6 15. 0-0 Bh6 16. a4 Qd7 17. axb5 Rxb5 18. exd5 0-0 19. c4 Rbb8 20. Ne4 Bf5 21. dxc6 Qxd1 22. Bxd1 Rxb2 23. Rxa6 Rd8 24. N2c3 1-0

[Event "Nuremberg LGA Cup 8th"]
[Site "Nuremberg"]
[Date "2011.09.10"]
[Round "5"]
[White "Muenzenberg, Dietrich"]
[Black "Beesk, Kevin"]
[Result "0-1"]
[WhiteElo "1598"]
[BlackElo "1673"]
[PlyCount "42"]
[EventDate "2011.09.08"]
[EventType "swiss"]
[EventRounds "7"]
[EventCountry "GER"]
[SourceTitle "CBM 144 Extra"]
[Source "ChessBase"]
[SourceDate "2011.10.28"]
[SourceVersion "1"]
[SourceVersionDate "2011.10.28"]
[SourceQuality "1"]

1. d4 Nf6 2. Bg5 e6 3. e4 h6 4. Bxf6 Qxf6 5. e5 Qd8 6. c3 d5 7. f4 c5 8. Nf3 Nc6 9. Bb5 Bd7 10. Bxc6 Bxc6 11. 0-0 cxd4 12. Nxd4 Bc5 13. Qc2 Bb5 14. Rd1 Rc8 15. a4 Ba6 16. Kh1 0-0 17. Nb3 Be3 18. f5 Qg5 19. fxe6 fxe6 20. Nd4 Bxd4 21. h4 Qxh4# 0-1